Normal view
MARC view
- تاليف الدجاني، يعقوب كامل
Entry Personal Name
001 - CONTROL NUMBER
- control field: 15034
003 - CONTROL NUMBER IDENTIFIER
- control field: JO-AjAnu
005 - DATE AND TIME OF LATEST TRANSACTION
- control field: 20230606072711.0
008 - FIXED-LENGTH DATA ELEMENTS
- fixed length control field: 230606|| aca||aabn | a|a d
040 ## - CATALOGING SOURCE
- Original cataloging agency: JO-AjAnu
- Transcribing agency: JO-AjAnu
100 ## - HEADING--PERSONAL NAME
- Personal name: تاليف الدجاني، يعقوب كامل
670 ## - SOURCE DATA FOUND
- Source citation: Work cat.: (JO-AjAnu)7719: تاليف الدجاني، يعقوب كامل, author, الدراسات الفلسطينية الأردنية 1992 (1) : الدور الذي لعبه أبناء شرقي الاردن في مؤارزة عرب فلسطين في نظالهم 1908 - 1949، الجزء الأول